Nintendo General Knowledge Quiz #2 - Statistics

General Stats
  • This quiz has been taken 64 times
  • The average score is 11 of 15
Answer Stats
Hint Answer % Correct
Does the Wii play DVD's? No
98%
In what year was the original Super Smash Bros. released? 1999
90%
What Home Console did Nintendo release in 1996? Nintendo 64/N64
90%
What game was included in the standard Wii bundle? Wii Sports
88%
What was the first Nintendo console to get a Port of Minecraft? Wii U
88%
In what year did the GBA get released? 2001
86%
Was there ever a Nintendo Console Port of the Original FIFA? Yes
82%
What Zelda game Required the N64 Expansion PAK? Majora's Mask
76%
In what year did the NES lifespan end? 1995
71%
What was the Japanese version of the NES called? Famicom
71%
And what Donkey Kong game required the Expansion PAK? Donkey Kong 64
59%
What Donkey Kong Country game had the Snomads as the Enemies of the Kong family? (Donkey Kong Country) Tropical Freeze
51%
What is the Best-Selling Gamecube game ever? (Super) Smash Bros. Melee
49%
What was the Original price of the Wii? (In $) (Only write number) 250
41%
What was the Smallest handheld Nintendo ever released? Pokémon Mini
25%
No matching quizzes found
Score Distribution
Percent of People with Each Score
Percentile by Number Answered
Your Score History
You have not taken this quiz